Представление документа в формате RUSMARC

ПолеНазваниеЗначение
  Тип записи a
  Библиографический уровень m
001 Контрольный номер 07316654ce7a4fe6962bcfaa656a833f
005 Дата корректировки 20141008135339.1
010 Индекс ISBN __
a ISBN 5-91131-255-7
101 Язык документа 0_
a Язык текста rus
102 Страна публикации __
a Страна публикации RU
200 Заглавие и сведения об ответственности 1_
a Заглавие Постатейный комментарий к новой редакции Закона РФ "О защите прав потребителей"
b Общее обозначение материала Текст
f Первые сведения об ответственности Т.А. Золотухина
210 Выходные данные 1_
a Место издания М.
c Издательство Издательско-торговая корпорация "Дашков и К"
d Дата издания 2007
215 Физическое описание __
a Объем 256 с.
610 Ключевые слова 0_
a Ключевые слова защита прав потребителей
a Ключевые слова защита прав потребителей при продаже товаров потребителям
a Ключевые слова защита прав потребителей при выполнении работ
a Ключевые слова общественная защита прав потребителей
a Ключевые слова государственная защита прав потребителей
686 Индексы других классификаций __
a Классификационный индекс 67.627
700 Автор _1
a Фамилия Золотухина
b Имя Т.А.
801 Источник записи _0
a Страна RU
b Организация РУК
g Правила каталогизации PSBO
801 Источник записи _1
a Страна RU
b Организация РУК
g Правила каталогизации PSBO
852 Данные о местонахождении __
i Авторский знак З-80
j Шифр хранения ББК 67.627
901 Тип документа __
t Тип документа m
937 Технологическая информация __
a Создатель записи (имя) ОрловаОВ
938 Служебная информация __
a Название организации Смоленский филиал